Library of the University of Algiers 3
Ibrahim Sultan Cheibout
شعار جامعة الجزائر 3
مكتبة جامعة الجزائر 3
إبراهيم سلطان شيبوط

الوجيز في عقود التنمية التقنية / (رقم التسجيلة. 45727)

تفاصيل مارك
000 -LEADER
fixed length control field 01635nam a2200217Ia 4500
003 - CONTROL NUMBER IDENTIFIER
control field Ost
005 - DATE AND TIME OF LATEST TRANSACTION
control field 20260507075657.0
008 - FIXED-LENGTH DATA ELEMENTS--GENERAL INFORMATION
fixed length control field 260507s9999||||xx |||||||||||||| ||und||
040 ## - CATALOGING SOURCE
Transcribing agency fsecg
041 ## - LANGUAGE CODE
Language code of text/sound track or separate title ara
082 ## - DEWEY DECIMAL CLASSIFICATION NUMBER
Classification number 341.759
100 ## - MAIN ENTRY--PERSONAL NAME
Personal name جابر، عبد الرؤوف
Relator term مؤلف
245 #0 - TITLE STATEMENT
Title الوجيز في عقود التنمية التقنية /
Statement of responsibility, etc. عبد الرؤوف جابر
260 ## - PUBLICATION, DISTRIBUTION, ETC.
Place of publication, distribution, etc. بيروت:
Name of publisher, distributor, etc. منشورات الحلبي الحقوقية,
Date of publication, distribution, etc. 2005
300 ## - PHYSICAL DESCRIPTION
Extent 268 صفحة؛
Other physical details إيضاحات ؛
Dimensions 24 سم
504 ## - BIBLIOGRAPHY, ETC. NOTE
Bibliography, etc. note المراجع ص.257
520 ## - SUMMARY, ETC.
Summary, etc. التنظيم القانوني لنقل العلوم التطبيقية(تكنولوجيا): الجهود الدولية لتنظيم نقل العلوم التطبيقية، الديباجة وأهداف التقنين وأصوله العامة، التعاريف ونطاق التطبيق، الضمانات والمسؤوليات والتعهدات، معاملة خاصة للدول النامية، التعاون الدولي في مجال نقل العلوم. عقد نقل العلوم التطبيقية: بيان العقد، عقد تسليم ،انتاج، عقد المساعدة الفنية، عقد تسليم المفتاح: انشاء العقد، التزامات المقاول، التزامات العميل، التخلف عن التنفيذ والمسؤولية، استحالة التنفيذ وتغيير ظروف العقد، القانون الواجب التطبيق وفض المنازعات.
653 ## - INDEX TERM--UNCONTROLLED
Uncontrolled term العقود التجارية
653 ## - INDEX TERM--UNCONTROLLED
Uncontrolled term العقود- القانون المدني
942 ## - ADDED ENTRY ELEMENTS (KOHA)
Koha item type كتب

لا توجد مواد متاحة.

موارد الويب المفتوحة


© University of Algiers 3 All Rights Reserved
|
Implemented by LECHELAH Riad